000 00480nam a2200169Ia 4500
005 20250423094518.0
008 250422s9999 xx 000 0 und d
020 _a9789753150507
050 _aBP 166 .G85/
100 _aGülen, M. Fethullah
245 0 _aAsrın getirdiği tereddütler
260 _aİzmir
260 _bNil
260 _c2011
650 _aIslam -- Theology -- Miscellanea Islam -- Doctrines -- Miscellanea İslam -- Teoloji İslam -- Akaid
942 _cBK
999 _c27455
_d27455